[Event "Lagos South West op"]
[Site "Lagos"]
[Date "2023.07.16"]
[Round "8"]
[White "Lapite, Oluwadurotimi Opeol"]
[Black "Olape, Bunmi"]
[Result "1-0"]
[WhiteElo "2150"]
[BlackElo "2232"]
[PlyCount "99"]
[EventDate "2023.07.12"]
[EventType "swiss"]
[EventRounds "9"]
[EventCountry "NGR"]
[SourceTitle "CBM 215 Extra"]
[Source "ChessBase"]
[SourceDate "2023.09.30"]
[SourceVersion "1"]
[SourceVersionDate "2023.09.30"]
[SourceQuality "1"]

1. Nf3 d5 2. e3 e6 3. c4 Nf6 4. Nc3 a6 5. b3 Bd6 6. Qc2 Nbd7 7. d4 dxc4 8. bxc4 c5 9. Bd3 0-0 10. 0-0 Qc7 11. Bb2 Rb8 12. h3 h6 13. Nd2 b6 14. Nce4 Be7 15. Rfd1 Bb7 16. a4 a5 17. Nc3 cxd4 18. exd4 Rfc8 19. Nb5 Qf4 20. Bc1 Qh4 21. Be2 Ne4 22. Nxe4 Bxe4 23. Bd3 Bb7 24. Ba3 Bxa3 25. Rxa3 Qg5 26. Bf1 Qe7 27. Re3 Nf6 28. Qb2 Qd7 29. Rb3 Bc6 30. Be2 Ne4 31. Bf3 f5 32. d5 exd5 33. Bxe4 fxe4 34. cxd5 Bxb5 35. Rxb5 Rc4 36. Rd4 Rbc8 37. Rxc4 Rxc4 38. Qe5 Rxa4 39. Rxb6 Rb4 40. Re6 Kf7 41. Qf5+ Kg8 42. Qe5 Kf7 43. Qf5+ Kg8 44. Qg6 Rb1+ 45. Kh2 Rb8 46. d6 Qf7 47. Qxe4 Rd8 48. Re7 Qxf2 49. d7 Qb6 50. Re8+ 1-0

[Event "Lagos South West op"]
[Site "Lagos"]
[Date "2023.07.15"]
[Round "7"]
[White "Olape, Bunmi"]
[Black "Onokpite, Kennedy"]
[Result "1-0"]
[WhiteElo "2232"]
[BlackElo "2102"]
[PlyCount "133"]
[EventDate "2023.07.12"]
[EventType "swiss"]
[EventRounds "9"]
[EventCountry "NGR"]
[SourceTitle "CBM 215 Extra"]
[Source "ChessBase"]
[SourceDate "2023.09.30"]
[SourceVersion "1"]
[SourceVersionDate "2023.09.30"]
[SourceQuality "1"]

1. e4 e6 2. d4 d5 3. Nd2 Be7 4. Bd3 c5 5. dxc5 Nf6 6. Qe2 0-0 7. Ngf3 a5 8. c3 a4 9. 0-0 Na6 10. e5 Nd7 11. Re1 Naxc5 12. Bc2 b6 13. Nf1 Ba6 14. Qe3 Qc7 15. Nd4 Rfe8 16. a3 f5 17. exf6 Bxf6 18. Qh3 Nf8 19. Ne3 Bd3 20. Ng4 Bxc2 21. Nxc2 Qf7 22. Be3 Ng6 23. Rad1 Rad8 24. Nb4 e5 25. Qh5 d4 26. cxd4 exd4 27. Nxf6+ Qxf6 28. Bg5 Qf5 29. g4 Qf3 30. Bxd8 Rxd8 31. Rd2 Ne4 32. Rxe4 Qxe4 33. Qg5 Rd6 34. Nd3 Rd5 35. Re2 Qf3 36. Ne1 Rxg5 37. Nxf3 Rxg4+ 38. Kf1 Rf4 39. Kg2 Rf5 40. Nxd4 Nf4+ 41. Kf1 Rd5 42. Re4 Nd3 43. b4 Nb2 44. Ke2 Kf7 45. Nc2 Kf6 46. Ne3 Rh5 47. h4 b5 48. Kd2 g5 49. hxg5+ Rxg5 50. Kc3 Nc4 51. Nxc4 bxc4 52. Kxc4 Rf5 53. Rh4 h5 54. f4 Ke6 55. b5 Kd6 56. Kb4 Kd5 57. Kxa4 Kc4 58. Rh1 Rxf4 59. Rc1+ Kd5+ 60. Ka5 h4 61. b6 Rf7 62. Kb5 h3 63. a4 h2 64. a5 Rg7 65. Rd1+ Ke6 66. Rh1 Rg2 67. Kc6 1-0

[Event "Lagos South West op"]
[Site "Lagos"]
[Date "2023.07.13"]
[Round "4"]
[White "Iyoha, Emmanuel"]
[Black "Olape, Bunmi"]
[Result "1/2-1/2"]
[WhiteElo "1724"]
[BlackElo "2232"]
[PlyCount "77"]
[EventDate "2023.07.12"]
[EventType "swiss"]
[EventRounds "9"]
[EventCountry "NGR"]
[SourceTitle "CBM 215 Extra"]
[Source "ChessBase"]
[SourceDate "2023.09.30"]
[SourceVersion "1"]
[SourceVersionDate "2023.09.30"]
[SourceQuality "1"]

1. d4 d5 2. Nf3 Nf6 3. Bf4 e6 4. c3 Bd6 5. Bg3 0-0 6. e3 c5 7. Bd3 Nc6 8. Nbd2 Qe7 9. Ne5 Bxe5 10. dxe5 Nd7 11. Nf3 f6 12. exf6 Nxf6 13. h3 e5 14. Bb5 e4 15. Bxc6 bxc6 16. Ne5 Ba6 17. b3 Qe6 18. Rc1 Rad8 19. Qc2 Nh5 20. Bh2 Rf5 21. g4 Rxe5 22. Bxe5 Qxe5 23. gxh5 Qg5 24. c4 Qg2 25. Rf1 Qxh3 26. Qe2 Rf8 27. Rc2 Rf3 28. Qd2 Qh4 29. h6 Qd8 30. Rg1 d4 31. Rxg7+ Kf8 32. exd4 e3 33. Qe2 Qa5+ 34. Kf1 Rxf2+ 35. Qxf2+ exf2 36. Rxf2+ Ke8 37. Re2+ Kd8 38. Rf2 Ke8 39. Re2+ 1/2-1/2

[Event "Online Olym Div3 C"]
[Site "Chess.com INT"]
[Date "2021.08.29"]
[Round "7.5"]
[White "Olape, Bunmi"]
[Black "Abdulla, Murad"]
[Result "1/2-1/2"]
[WhiteElo "2235"]
[BlackElo "2287"]
[PlyCount "104"]
[EventDate "2021.08.27"]
[EventType "team-tourn (rapid)"]
[EventRounds "9"]
[EventCountry "USA"]
[SourceTitle "CBM 204 Extra"]
[Source "ChessBase"]
[SourceDate "2021.11.30"]
[SourceVersion "1"]
[SourceVersionDate "2021.11.30"]
[SourceQuality "1"]
[WhiteTeam "Nigeria"]
[BlackTeam "Scotland"]
[WhiteTeamCountry "NGR"]
[BlackTeamCountry "SCO"]

1. e4 c5 2. Nf3 d6 3. d4 cxd4 4. Nxd4 Nf6 5. Nc3 g6 6. Be2 Bg7 7. Be3 0-0 8. Nb3 Nc6 9. g4 a5 10. g5 Nd7 11. Nd4 a4 12. a3 Nxd4 13. Bxd4 Bxd4 14. Qxd4 Qb6 15. 0-0-0 Qxd4 16. Rxd4 Ra5 17. h4 Nc5 18. Nd5 Re8 19. Rhd1 Bd7 20. f3 Bc6 21. Nc3 Ne6 22. Rb4 h6 23. gxh6 Kh7 24. Bc4 Kxh6 25. Bxe6 fxe6 26. Ne2 e5 27. Kd2 d5 28. Ke3 d4+ 29. Kf2 Rf8 30. Kg3 Rb5 31. Rxb5 Bxb5 32. Nc1 Rc8 33. Rd2 Bc4 34. f4 exf4+ 35. Kxf4 Rc5 36. e5 Bb5 37. Na2 Rc8 38. Nb4 Rf8+ 39. Kg3 Rf5 40. Rxd4 Rxe5 41. Rd5 Rxd5 42. Nxd5 e5 43. Nf6 g5 44. Ng4+ Kh5 45. hxg5 Kxg5 46. Nxe5 Kf5 47. Nd3 Ke4 48. Nc5+ Ke3 49. Nxb7 Kd2 50. Nd6 Bc6 51. b3 Kxc2 52. bxa4 Bxa4 1/2-1/2

[Event "Online Olym Div3 C"]
[Site "Chess.com INT"]
[Date "2021.08.27"]
[Round "1.2"]
[White "Olape, Bunmi"]
[Black "Domingos, Catarino"]
[Result "1-0"]
[WhiteElo "2235"]
[BlackElo "2242"]
[PlyCount "117"]
[EventDate "2021.08.27"]
[EventType "team-tourn (rapid)"]
[EventRounds "9"]
[EventCountry "USA"]
[SourceTitle "CBM 204 Extra"]
[Source "ChessBase"]
[SourceDate "2021.11.30"]
[SourceVersion "1"]
[SourceVersionDate "2021.11.30"]
[SourceQuality "1"]
[WhiteTeam "Nigeria"]
[BlackTeam "Angola"]
[WhiteTeamCountry "NGR"]
[BlackTeamCountry "ANG"]

1. e4 e5 2. Nf3 Nc6 3. Bb5 a6 4. Ba4 Nf6 5. 0-0 d6 6. Re1 Bd7 7. c3 Be7 8. d3 0-0 9. Nbd2 b5 10. Bc2 Re8 11. Nf1 Bf8 12. Ng3 h6 13. Nh4 g6 14. Bb3 Na5 15. Nxg6 Nxb3 16. Nxf8 Nxa1 17. Nxd7 Nxd7 18. Bxh6 Re6 19. Be3 Rg6 20. Qxa1 Nf6 21. h3 Nh7 22. Nf5 Kh8 23. Qd1 Qf6 24. Qh5 Rag8 25. g3 Re8 26. h4 Kg8 27. Kg2 Qe6 28. b3 Nf6 29. Qe2 Kh7 30. Bg5 Kg8 31. c4 Nh7 32. Bd2 Kh8 33. Qh5 c6 34. Bb4 c5 35. Bd2 b4 36. Ra1 Ra8 37. a3 bxa3 38. Rxa3 Qd7 39. b4 cxb4 40. Bxb4 Rb8 41. Bc3 Rb6 42. f4 Kg8 43. fxe5 dxe5 44. Bxe5 Nf6 45. Qf3 Ng4 46. Bc3 Qe6 47. Qf4 Nf6 48. Qc7 Ne8 49. Qd8 Kh7 50. Ne7 Qg4 51. Nxg6 Rxg6 52. Be1 Qe2+ 53. Bf2 Nf6 54. Qe7 Ng4 55. Qxf7+ Rg7 56. Qf3 Qb2 57. Rxa6 Ne5 58. Qf5+ Ng6 59. h5 1-0

[Event "Online Olym Div4 C"]
[Site "Chess.com INT"]
[Date "2020.07.31"]
[Round "2.2"]
[White "Olape, Bunmi"]
[Black "Mwale, Joseph"]
[Result "1-0"]
[WhiteElo "2235"]
[BlackElo "2159"]
[PlyCount "57"]
[EventDate "2020.07.31"]
[EventType "team-tourn (rapid)"]
[EventRounds "9"]
[EventCountry "USA"]
[SourceTitle "CBM 198"]
[Source "ChessBase"]
[SourceDate "2020.10.31"]
[SourceVersion "1"]
[SourceVersionDate "2020.10.31"]
[SourceQuality "1"]
[WhiteTeam "Nigeria"]
[BlackTeam "Malawi"]
[WhiteTeamCountry "NGR"]
[BlackTeamCountry "MWI"]

1. e4 e5 2. Nf3 Nc6 3. Bb5 a6 4. Ba4 Nf6 5. 0-0 b5 6. Bb3 Bc5 7. c3 d6 8. h3 Bb6 9. d4 h6 10. Re1 0-0 11. Be3 Bb7 12. Nbd2 Re8 13. dxe5 Bxe3 14. Rxe3 Nxe5 15. Nd4 Nc4 16. Bxc4 bxc4 17. Qe2 d5 18. exd5 Nxd5 19. Rxe8+ Qxe8 20. Qxe8+ Rxe8 21. Nxc4 c5 22. Nf5 Re2 23. Kf1 Nf4 24. Nfe3 Be4 25. Rd1 g5 26. g3 Bf3 27. Rd8+ Kh7 28. gxf4 gxf4 29. Rd2 1-0

[Event "Titled Tuesday intern op 4th July"]
[Site "Chess.com INT"]
[Date "2017.07.04"]
[Round "5"]
[White "Olape, Bunmi"]
[Black "Lagumina, Giulio"]
[Result "1/2-1/2"]
[WhiteElo "2165"]
[BlackElo "2231"]
[PlyCount "104"]
[EventDate "2017.07.04"]
[EventType "swiss (blitz)"]
[EventRounds "10"]
[EventCountry "USA"]
[SourceTitle "EXT 2021"]
[Source "ChessBase"]
[SourceDate "2020.10.23"]
[SourceVersion "1"]
[SourceVersionDate "2020.10.23"]
[SourceQuality "1"]

1. e4 g6 2. d4 Bg7 3. Nc3 c6 4. Nf3 d6 5. Bc4 b5 6. Bb3 a5 7. a4 b4 8. Ne2 Ba6 9. 0-0 Nf6 10. e5 dxe5 11. Nxe5 0-0 12. Re1 c5 13. Be3 Nbd7 14. Nc6 Qe8 15. dxc5 Ng4 16. Bg5 Nxc5 17. Nxe7+ Kh8 18. Ng3 Qd7 19. Qxd7 Nxd7 20. h3 Nge5 21. Bd5 Rae8 22. f4 Nc4 23. Nc6 Bxb2 24. Rab1 Bc3 25. Rxe8 Rxe8 26. Bxf7 Rf8 27. Bxc4 Bxc4 28. Nxa5 Ba6 29. Nc6 Nc5 30. Nxb4 Rb8 31. Be7 Rxb4 32. Rxb4 Bxb4 33. Ne4 Nxe4 34. Bxb4 Kg7 35. g4 Kf7 36. Kg2 Ke6 37. Kf3 Kd5 38. Ke3 Nd6 39. Bxd6 Kxd6 40. h4 Kd5 41. a5 Bc8 42. Kf3 Kd4 43. f5 gxf5 44. gxf5 Bxf5 45. a6 Bxc2 46. a7 Be4+ 47. Kf4 Kd3 48. Kg5 Ke3 49. Kh6 Kf4 50. a8Q Bxa8 51. Kxh7 Kg4 52. h5 Kxh5 1/2-1/2

[Event "Titled Tuesday intern Qual1 4th April"]
[Site "Chess.com INT"]
[Date "2017.04.04"]
[Round "4"]
[White "Goldsby, AJ."]
[Black "Olape, Bunmi"]
[Result "1-0"]
[WhiteElo "2040"]
[BlackElo "2165"]
[PlyCount "57"]
[EventDate "2017.04.04"]
[EventType "swiss (blitz)"]
[EventRounds "10"]
[EventCountry "USA"]
[SourceTitle "EXT 2021"]
[Source "ChessBase"]
[SourceDate "2020.10.23"]
[SourceVersion "1"]
[SourceVersionDate "2020.10.23"]
[SourceQuality "1"]

1. Nf3 d5 2. g3 c5 3. Bg2 Nc6 4. 0-0 e6 5. d3 Nf6 6. Nc3 Be7 7. h3 0-0 8. Re1 b6 9. a3 Bb7 10. e4 dxe4 11. dxe4 Qb8 12. Bf4 e5 13. Be3 Rd8 14. Qe2 Nd4 15. Bxd4 exd4 16. Nd5 Nxd5 17. exd5 Bf8 18. Ng5 Re8 19. Qh5 h6 20. Qxf7+ Kh8 21. Ne6 Re7 22. Qf5 Re8 23. Nf4 Qd6 24. Ng6+ Kg8 25. Re6 Rxe6 26. dxe6 Bxg2 27. Kxg2 Qc6+ 28. Kg1 Qe8 29. Re1 1-0

[Event "PRO League Stage"]
[Site "Chess.com INT"]
[Date "2017.02.22"]
[Round "7"]
[White "Jessel, Stephen"]
[Black "Olape, Bunmi"]
[Result "1-0"]
[WhiteElo "2382"]
[BlackElo "2165"]
[PlyCount "79"]
[EventDate "2017.01.11"]
[EventType "team-swiss (rapid)"]
[EventRounds "7"]
[EventCountry "USA"]
[SourceTitle "EXT 2018"]
[Source "ChessBase"]
[SourceDate "2017.10.13"]
[SourceVersion "1"]
[SourceVersionDate "2017.10.13"]
[SourceQuality "1"]
[WhiteTeam "Dublin Desperados"]
[BlackTeam "Abuja Rockstars"]
[WhiteTeamCountry "IRQ"]
[BlackTeamCountry "NGR"]

1. e4 d6 2. d4 Nd7 3. Nf3 Ngf6 4. Nc3 e5 5. g3 Be7 6. Bg2 0-0 7. 0-0 c6 8. a4 a5 9. h3 Qc7 10. Re1 Re8 11. Be3 Bf8 12. Nd2 g6 13. Kh2 Bg7 14. Nc4 b6 15. dxe5 dxe5 16. Qd6 Qxd6 17. Nxd6 Re7 18. Bf1 Ba6 19. Bxa6 Rxa6 20. Red1 Re6 21. Rd2 Bf8 22. Rad1 Kg7 23. g4 h6 24. f3 Be7 25. Ne8+ Nxe8 26. Rxd7 Bb4 27. Na2 Nf6 28. Rb7 Bc5 29. Bxc5 bxc5 30. Rd8 Ne8 31. b3 Nd6 32. Rbd7 Ne8 33. Nc1 c4 34. bxc4 Rb6 35. Nb3 Rb4 36. Nc5 Rf6 37. Rxe8 Rxc4 38. Ne6+ Kh7 39. Rf8 Rxc2+ 40. Kg3 1-0

[Event "Titled Tuesday intern op 6th Dec 2pm"]
[Site "Chess.com INT"]
[Date "2016.12.06"]
[Round "1"]
[White "Olape, Bunmi"]
[Black "Fressinet, Laurent"]
[Result "0-1"]
[WhiteElo "2165"]
[BlackElo "2672"]
[PlyCount "70"]
[EventDate "2016.12.06"]
[EventType "swiss (blitz)"]
[EventRounds "9"]
[EventCountry "USA"]
[SourceTitle "EXT 2021"]
[Source "ChessBase"]
[SourceDate "2020.10.23"]
[SourceVersion "1"]
[SourceVersionDate "2020.10.23"]
[SourceQuality "1"]

1. e4 g6 2. d4 Bg7 3. Nc3 d6 4. Nf3 a6 5. Bc4 e6 6. Bb3 b6 7. Qe2 h6 8. Bd2 Bb7 9. 0-0-0 Nd7 10. h4 Ne7 11. h5 g5 12. Be3 b5 13. Nd2 c5 14. dxc5 dxc5 15. a3 Qc7 16. f3 Nc6 17. Qf2 Nd4 18. Ne2 Nxe2+ 19. Qxe2 c4 20. Ba2 c3 21. Nb3 cxb2+ 22. Kb1 Nb6 23. Bxb6 Qxb6 24. e5 0-0 25. Kxb2 Qc7 26. Rhe1 Rfd8 27. Rxd8+ Rxd8 28. Kb1 Rd5 29. Nc1 Rxe5 30. Qd2 Rxe1 31. Qxe1 Qc5 32. Qb4 Qe5 33. c4 g4 34. cxb5 gxf3 35. bxa6 Be4+ 0-1

[Event "Titled Tuesday intern op 6th Dec 2pm"]
[Site "Chess.com INT"]
[Date "2016.12.06"]
[Round "2"]
[White "Olape, Bunmi"]
[Black "Perdomo, Carlos Andres"]
[Result "0-1"]
[WhiteElo "2165"]
[BlackElo "2299"]
[PlyCount "112"]
[EventDate "2016.12.06"]
[EventType "swiss (blitz)"]
[EventRounds "9"]
[EventCountry "USA"]
[SourceTitle "EXT 2021"]
[Source "ChessBase"]
[SourceDate "2020.10.23"]
[SourceVersion "1"]
[SourceVersionDate "2020.10.23"]
[SourceQuality "1"]

1. e4 c5 2. Nf3 e6 3. d4 cxd4 4. Nxd4 a6 5. Nc3 Qc7 6. Bd3 Nf6 7. 0-0 d6 8. Be3 Nbd7 9. Re1 Ne5 10. h3 Nc4 11. Bc1 Be7 12. b3 Ne5 13. Bb2 0-0 14. a4 b6 15. f4 Nxd3 16. cxd3 Bb7 17. Rc1 Qd7 18. Qf3 Rac8 19. Rc2 Rc7 20. Rec1 Rfc8 21. Kh1 Bf8 22. Nd1 Rxc2 23. Rxc2 Rxc2 24. Nxc2 b5 25. a5 Be7 26. b4 d5 27. e5 d4 28. Qf2 Nd5 29. Qxd4 Qc6 30. Nde3 Nc7 31. Qc3 Qd7 32. Kg1 h6 33. Qd4 Qc6 34. Qc3 Qd7 35. Kf2 g5 36. fxg5 Bxg5 37. Qd4 Qc6 38. h4 Be7 39. Qc3 Bxh4+ 40. Kf1 Bg5 41. Qxc6 Bxc6 42. Kf2 Nd5 43. Nxd5 Bxd5 44. Bd4 Be7 45. Bc3 h5 46. g3 Kg7 47. Ne3 Kg6 48. Nxd5 exd5 49. Kf3 Kf5 50. d4 Bg5 51. Be1 Bc1 52. Bc3 Ba3 53. Ke3 Kg4 54. Kf2 Bc1 55. Kg2 Be3 56. Bb2 Bd2 0-1

[Event "Titled Tuesday intern op 6th Dec 2pm"]
[Site "Chess.com INT"]
[Date "2016.12.06"]
[Round "3"]
[White "Viaje, Rhobz"]
[Black "Olape, Bunmi"]
[Result "1-0"]
[WhiteElo "2232"]
[BlackElo "2165"]
[PlyCount "49"]
[EventDate "2016.12.06"]
[EventType "swiss (blitz)"]
[EventRounds "9"]
[EventCountry "USA"]
[SourceTitle "EXT 2021"]
[Source "ChessBase"]
[SourceDate "2020.10.23"]
[SourceVersion "1"]
[SourceVersionDate "2020.10.23"]
[SourceQuality "1"]

1. d4 d5 2. c4 c6 3. Nf3 e6 4. Qc2 Nf6 5. Bg5 Be7 6. e3 0-0 7. Nc3 Nbd7 8. Bd3 h6 9. Bh4 b6 10. 0-0-0 Bb7 11. g4 c5 12. g5 hxg5 13. Bxg5 cxd4 14. Nxd4 dxc4 15. Bxc4 Bxh1 16. Rxh1 Qc8 17. Bb3 Nc5 18. Rg1 Rd8 19. Bh6 Bf8 20. Bc4 a6 21. f4 Kh8 22. Bg5 b5 23. Bxf6 gxf6 24. Qe2 Bg7 25. Qg4 1-0

[Event "Titled Tuesday intern op 1st Nov 2pm"]
[Site "Chess.com INT"]
[Date "2016.11.01"]
[Round "3"]
[White "Gabrielian, Artur"]
[Black "Olape, Bunmi"]
[Result "0-1"]
[WhiteElo "2523"]
[BlackElo "2167"]
[PlyCount "88"]
[EventDate "2016.11.01"]
[EventType "swiss (blitz)"]
[EventRounds "9"]
[EventCountry "USA"]
[SourceTitle "EXT 2021"]
[Source "ChessBase"]
[SourceDate "2020.10.23"]
[SourceVersion "1"]
[SourceVersionDate "2020.10.23"]
[SourceQuality "1"]

1. e4 e5 2. Nf3 Nf6 3. Nxe5 d6 4. Nf3 Nxe4 5. c4 Be7 6. d4 0-0 7. Bd3 Nf6 8. h3 c5 9. d5 Nbd7 10. 0-0 Re8 11. Nc3 Nf8 12. Re1 Ng6 13. Bc2 Bd7 14. b3 a6 15. a4 b6 16. Bb2 Rb8 17. Qd3 Nf4 18. Qd2 Ng6 19. Bd3 Qc7 20. Kh2 Bf8 21. Ne2 b5 22. Bxf6 gxf6 23. axb5 axb5 24. Nc3 bxc4 25. bxc4 Bg7 26. Rxe8+ Rxe8 27. Re1 Rxe1 28. Qxe1 f5 29. Nb5 Qb8 30. Qb1 Ne5 31. Nxe5 dxe5 32. Kg1 e4 33. Be2 Bd4 34. Qb3 Bxb5 35. cxb5 Qf4 36. Qd1 Qxf2+ 37. Kh1 Be5 38. b6 Qg3 39. Qg1 Kf8 40. Qxc5+ Bd6 41. Qg1 f4 42. Bg4 h5 43. Bc8 e3 44. Ba6 f3 0-1

[Event "Titled Tuesday intern op 1st Nov 10am"]
[Site "Chess.com INT"]
[Date "2016.11.01"]
[Round "7"]
[White "Kantans, Toms"]
[Black "Olape, Bunmi"]
[Result "0-1"]
[WhiteElo "2469"]
[BlackElo "2167"]
[PlyCount "100"]
[EventDate "2016.11.01"]
[EventType "swiss (blitz)"]
[EventRounds "9"]
[EventCountry "USA"]
[SourceTitle "EXT 2021"]
[Source "ChessBase"]
[SourceDate "2020.10.23"]
[SourceVersion "1"]
[SourceVersionDate "2020.10.23"]
[SourceQuality "1"]

1. e4 d6 2. d4 Nd7 3. Nf3 g6 4. Nc3 Bg7 5. Be3 Ngf6 6. h3 0-0 7. Qd2 c5 8. 0-0-0 cxd4 9. Nxd4 a6 10. Bh6 Nc5 11. Bxg7 Kxg7 12. Qe3 b5 13. e5 Ne8 14. h4 h5 15. Be2 Bb7 16. Rh3 Qc7 17. exd6 Nxd6 18. Rg3 b4 19. Bxh5 bxc3 20. Qxc3 e5 21. Ne6+ Nxe6 22. Qxe5+ Kh7 23. Bxg6+ fxg6 24. Qxe6 Be4 25. Rc3 Qf7 26. Rxd6 Qxe6 27. Rxe6 Bxg2 28. Rg3 Rxf2 29. Rgxg6 Be4 30. Rgf6 Rxc2+ 31. Kd1 Rd8+ 32. Ke1 Kg7 33. Rf4 Bd5 34. Rxa6 Rxb2 35. Ra3 Rd7 36. Rd3 Rxa2 37. Rfd4 Re7+ 38. Kf1 Bc6 39. Rd2 Bb5+ 40. Kf2 Ra6 41. Rd6 Ra4 42. R6d4 Ra3 43. Rd5 Bc6 44. Rg5+ Kh7 45. Rc2 Rf7+ 46. Kg1 Ra1+ 47. Kh2 Rh1+ 48. Kg3 Rf3+ 49. Kg4 Rg1+ 50. Kh5 Be8+ 0-1

[Event "Titled Tuesday intern op 1st Nov 2pm"]
[Site "Chess.com INT"]
[Date "2016.11.01"]
[Round "6"]
[White "Olape, Bunmi"]
[Black "Alvarado Diaz, Alejandro"]
[Result "1-0"]
[WhiteElo "2167"]
[BlackElo "2415"]
[PlyCount "59"]
[EventDate "2016.11.01"]
[EventType "swiss (blitz)"]
[EventRounds "9"]
[EventCountry "USA"]
[SourceTitle "EXT 2021"]
[Source "ChessBase"]
[SourceDate "2020.10.23"]
[SourceVersion "1"]
[SourceVersionDate "2020.10.23"]
[SourceQuality "1"]

1. e4 c5 2. Nf3 d6 3. d4 cxd4 4. Nxd4 Nf6 5. Nc3 a6 6. Be2 e5 7. Nb3 Be7 8. Be3 0-0 9. 0-0 Be6 10. h3 Nbd7 11. Qd2 Qc7 12. Rad1 b5 13. a3 Rac8 14. f4 Nc5 15. Nxc5 dxc5 16. fxe5 Nd7 17. Nd5 Bxd5 18. exd5 Qxe5 19. Bg4 Rcd8 20. d6 Bf6 21. c3 Qe8 22. Bxd7 Qxd7 23. Bxc5 Qc6 24. b4 Rd7 25. Rxf6 gxf6 26. Qf4 Re8 27. Rd3 Re6 28. Rg3+ Kf8 29. Qh6+ Ke8 30. Rg8# 1-0

[Event "Titled Tuesday intern op 1st Nov 10am"]
[Site "Chess.com INT"]
[Date "2016.11.01"]
[Round "3"]
[White "Olape, Bunmi"]
[Black "Erdogan, Anil Berk"]
[Result "1-0"]
[WhiteElo "2167"]
[BlackElo "2088"]
[PlyCount "119"]
[EventDate "2016.11.01"]
[EventType "swiss (blitz)"]
[EventRounds "9"]
[EventCountry "USA"]
[SourceTitle "EXT 2021"]
[Source "ChessBase"]
[SourceDate "2020.10.23"]
[SourceVersion "1"]
[SourceVersionDate "2020.10.23"]
[SourceQuality "1"]

1. e4 c5 2. Nf3 g6 3. d4 cxd4 4. Nxd4 Bg7 5. Nc3 Nc6 6. Be3 Nf6 7. Be2 0-0 8. Nb3 d6 9. g4 Be6 10. g5 Nd7 11. Nd4 Nxd4 12. Bxd4 Bxd4 13. Qxd4 Qb6 14. 0-0-0 Qxd4 15. Rxd4 Rfc8 16. h4 Ne5 17. f4 Nc6 18. Rd2 Rd8 19. Bf3 Rac8 20. h5 a6 21. Rdh2 Nd4 22. Bd1 gxh5 23. Rxh5 Kf8 24. Rxh7 Ke8 25. f5 Bc4 26. Rh8+ Kd7 27. Rxd8+ Rxd8 28. b3 Bb5 29. Rh7 Rf8 30. Bg4 Ke8 31. Bh5 Bd7 32. Nd5 Nc6 33. Nf4 Ne5 34. g6 fxg6 35. Nxg6 Nxg6 36. Bxg6+ Kd8 37. c4 Bc6 38. Rh4 Kd7 39. Kd2 Rf6 40. Ke3 e6 41. Rh7+ Kc8 42. Rf7 Rxf7 43. Bxf7 exf5 44. exf5 Kd8 45. Kd4 Ke7 46. Bd5 Kf6 47. Be4 a5 48. a3 a4 49. b4 Bd7 50. Bxb7 Bxf5 51. Bc6 Bc2 52. Kd5 Ke7 53. b5 Kd8 54. Kxd6 Kc8 55. b6 Kb8 56. c5 Bb3 57. Bd5 Bd1 58. c6 Bg4 59. c7+ Kc8 60. b7# 1-0

[Event "Titled Tuesday intern op 1st Nov 10am"]
[Site "Chess.com INT"]
[Date "2016.11.01"]
[Round "9"]
[White "Olape, Bunmi"]
[Black "Matinian, Nikita"]
[Result "0-1"]
[WhiteElo "2167"]
[BlackElo "2490"]
[PlyCount "86"]
[EventDate "2016.11.01"]
[EventType "swiss (blitz)"]
[EventRounds "9"]
[EventCountry "USA"]
[SourceTitle "EXT 2021"]
[Source "ChessBase"]
[SourceDate "2020.10.23"]
[SourceVersion "1"]
[SourceVersionDate "2020.10.23"]
[SourceQuality "1"]

1. e4 c5 2. Nf3 d6 3. d4 cxd4 4. Nxd4 Nf6 5. Nc3 g6 6. Be2 Bg7 7. Be3 0-0 8. Nb3 Nc6 9. g4 a5 10. g5 Nd7 11. a3 a4 12. Nd4 Qa5 13. Qd2 Nxd4 14. Bxd4 Bxd4 15. Qxd4 Qxg5 16. h4 Qf6 17. Qd2 Nc5 18. Nd5 Qxb2 19. Nxe7+ Kg7 20. Rd1 Nxe4 21. Qe3 Qc3+ 22. Qxc3+ Nxc3 23. Rxd6 Nxe2 24. Nxc8 Re8 25. Nb6 Ng3+ 26. Kd2 Nxh1 27. Nxa8 Rxa8 28. Ke2 Ra5 29. Rd1 Nxf2 30. Kxf2 Rc5 31. Rd4 Rxc2+ 32. Ke1 b5 33. Rb4 Ra2 34. Rxb5 Rxa3 35. h5 Ra2 36. hxg6 hxg6 37. Kd1 f5 38. Kc1 Kf6 39. Kb1 Rh2 40. Ra5 g5 41. Rxa4 g4 42. Kc1 g3 43. Ra8 g2 0-1

[Event "Titled Tuesday intern op 1st Nov 2pm"]
[Site "Chess.com INT"]
[Date "2016.11.01"]
[Round "2"]
[White "Swayams, Mishra"]
[Black "Olape, Bunmi"]
[Result "1-0"]
[WhiteElo "2473"]
[BlackElo "2167"]
[PlyCount "95"]
[EventDate "2016.11.01"]
[EventType "swiss (blitz)"]
[EventRounds "9"]
[EventCountry "USA"]
[SourceTitle "EXT 2021"]
[Source "ChessBase"]
[SourceDate "2020.10.23"]
[SourceVersion "1"]
[SourceVersionDate "2020.10.23"]
[SourceQuality "1"]

1. d4 d5 2. c4 c6 3. Nc3 Nf6 4. Nf3 e6 5. Bg5 Be7 6. e3 0-0 7. Rc1 Nbd7 8. Bd3 b6 9. 0-0 Bb7 10. e4 dxc4 11. Bxc4 c5 12. d5 exd5 13. exd5 Qb8 14. Re1 Bd6 15. h3 a6 16. a4 Re8 17. Qd3 h6 18. Bh4 Bf4 19. Rxe8+ Qxe8 20. Re1 Qf8 21. Ne4 Nxe4 22. Qxe4 Bd6 23. Bd3 g6 24. Bc4 Kg7 25. Qe3 Qb8 26. Be7 Qc7 27. Bxd6 Qxd6 28. Qe7 Qxe7 29. Rxe7 Rd8 30. d6 Bxf3 31. gxf3 b5 32. Bxf7 Ne5 33. Bxg6+ Kxg6 34. Rxe5 Rxd6 35. axb5 axb5 36. Rxc5 Rb6 37. b4 h5 38. h4 Kh6 39. Rg5 Rb8 40. Kg2 Rb7 41. Kg3 Rb8 42. f4 Rb7 43. f5 Rb8 44. f6 Rf8 45. Rf5 Kg6 46. Kf4 Rf7 47. Rg5+ Kxf6 48. Rf5+ 1-0

[Event "Titled Tuesday intern op 2nd Aug"]
[Site "Chess.com INT"]
[Date "2016.08.02"]
[Round "1"]
[White "Sumets, Andrey"]
[Black "Olape, Bunmi"]
[Result "1-0"]
[WhiteElo "2554"]
[BlackElo "2167"]
[PlyCount "71"]
[EventDate "2016.08.02"]
[EventType "swiss (blitz)"]
[EventRounds "9"]
[EventCountry "USA"]
[SourceTitle "EXT 2021"]
[Source "ChessBase"]
[SourceDate "2020.10.23"]
[SourceVersion "1"]
[SourceVersionDate "2020.10.23"]
[SourceQuality "1"]

1. d4 d5 2. c4 c6 3. Nc3 e6 4. Nf3 Nd7 5. e4 dxe4 6. Nxe4 Ngf6 7. Nxf6+ Nxf6 8. Bd3 c5 9. dxc5 Bxc5 10. 0-0 0-0 11. Qe2 Qc7 12. b3 b6 13. Bb2 Be7 14. Ng5 g6 15. Be5 Qc5 16. Qb2 Ng4 17. Nf3 Bb7 18. Bg3 Bxf3 19. gxf3 Bf6 20. Qe2 Bxa1 21. Rxa1 Nf6 22. a3 Rfd8 23. b4 Qd4 24. Rd1 Nh5 25. Be5 Qh4 26. Qe3 Rd6 27. Bxd6 Rd8 28. Bg3 Qf6 29. Kg2 Qd4 30. Qxd4 Rxd4 31. Be2 Nf4+ 32. Bxf4 Rxf4 33. Rd7 a5 34. Rb7 axb4 35. axb4 b5 36. Rxb5 1-0